General Elections 2004:Elections present and past (Record no. 223589)

MARC details
000 -LEADER
fixed length control field 00642nam a22002177a 4500
005 - DATE AND TIME OF LATEST TRANSACTION
control field 20220704120616.0
008 - FIXED-LENGTH DATA ELEMENTS--GENERAL INFORMATION
fixed length control field 220704b ||||| |||| 00| 0 eng d
040 ## - CATALOGING SOURCE
Transcribing agency AL
041 ## - LANGUAGE CODE
Language code of text/sound track or separate title English
082 ## - DEWEY DECIMAL CLASSIFICATION NUMBER
Edition number 23
Classification number 324.954
Item number INDG
100 ## - MAIN ENTRY--PERSONAL NAME
Personal name Government of India
100 ## - MAIN ENTRY--PERSONAL NAME
9 (RLIN) 46860
245 ## - TITLE STATEMENT
Title General Elections 2004:Elections present and past
260 ## - PUBLICATION, DISTRIBUTION, ETC.
Place of publication, distribution, etc. New Delhi
Name of publisher, distributor, etc. Government of India
Date of publication, distribution, etc. 2004
300 ## - PHYSICAL DESCRIPTION
Extent 144 p.
Other physical details PB
Dimensions 21x13 cm.
440 ## - SERIES STATEMENT/ADDED ENTRY--TITLE
Title Reference hand book Vol 1
9 (RLIN) 46861
650 ## - SUBJECT ADDED ENTRY--TOPICAL TERM
Topical term or geographic name entry element A Data Base
9 (RLIN) 46862
650 ## - SUBJECT ADDED ENTRY--TOPICAL TERM
Topical term or geographic name entry element Elections
9 (RLIN) 46863
650 ## - SUBJECT ADDED ENTRY--TOPICAL TERM
Topical term or geographic name entry element Present and Past
9 (RLIN) 46864
700 ## - ADDED ENTRY--PERSONAL NAME
Personal name INDIA (Government of)
9 (RLIN) 46865
942 ## - ADDED ENTRY ELEMENTS (KOHA)
Source of classification or shelving scheme Dewey Decimal Classification
Koha item type George Fernandes Collections
Holdings
Withdrawn status Lost status Source of classification or shelving scheme Damaged status Not for loan Collection code Home library Current library Date acquired Total Checkouts Full call number Barcode Date last seen Price effective from Koha item type
    Dewey Decimal Classification     Political Science St Aloysius Library St Aloysius Library 03/23/2013   324.954 INDG GF01384 07/04/2022 07/04/2022 George Fernandes Collections